[Event "32nd ECC Open 2016"]
[Site "Novi Sad SRB"]
[Date "2016.11.06"]
[Round "1.23"]
[Board "6"]
[White "De Jong, Jan-Willem"]
[Black "Antunes, Andre"]
[Result "1-0"]
[WhiteTitle "IM"]
[WhiteElo "2447"]
[BlackElo "1987"]
[WhiteTeam "LSG IntelliMagic"]
[BlackTeam "Edinburgh Chess Club"]
[WhiteFideId "1008641"]
[BlackFideId "1903292"]
[EventDate "2016.11.06"]

1. d4 Nf6 2. c4 e6 3. g3 c6 4. Nf3 d5 5. Bg2 Nbd7 6. O-O Be7 7. Qc2 O-O 8. b3 b6
9. Nc3 Bb7 10. Bb2 Rc8 11. Rfd1 Qc7 12. Rac1 Rfd8 13. Qb1 Qb8 14. e3 c5 15. cxd5
Nxd5 16. Ne4 N5f6 17. Nfd2 Nxe4 18. Bxe4 Nf6 19. Bxb7 Qxb7 20. dxc5 Rxc5 21.
Rxc5 bxc5 22. Bxf6 Bxf6 23. Nc4 Rxd1+ 24. Qxd1 Qd5 25. Qxd5 exd5 26. Na5 Kf8 27.
Nc6 c4 28. Kf1 a6 29. Nb4 cxb3 30. axb3 d4 31. Nxa6 dxe3 32. fxe3 Be7 33. b4 Ke8
34. b5 Kd7 35. Ke2 Kc8 36. Kd3 Kb7 37. Kc4 h5 38. e4 g5 39. h3 g4 40. hxg4 hxg4
41. Nc5+ Kc7 42. Nd3 Kb6 43. Ne5 Bd6 44. Nxf7 Bxg3 45. Nh6 Bh4 46. Nxg4 Kc7 47.
e5 Kd7 48. Kc5 Be7+ 49. Kd5 Bd8 50. Ne3 Bg5 51. Nc4 Bd8 52. b6 Be7 53. e6+ Kc8
54. Kc6 Bd8 55. b7+ Kb8 56. Ne5 1-0

[Event "32nd ECC Open 2016"]
[Site "Novi Sad SRB"]
[Date "2016.11.06"]
[Round "1.24"]
[Board "1"]
[White "Bogosavljevic, Boban"]
[Black "Theodorou, Nikolas"]
[Result "0-1"]
[WhiteTitle "GM"]
[WhiteElo "2520"]
[BlackElo "2481"]
[WhiteTeam "Jelica PEP - Goracici"]
[BlackTeam "Chania Chess Academy"]
[WhiteFideId "931152"]
[BlackFideId "4262875"]
[EventDate "2016.11.06"]

1. Nf3 Nf6 2. g3 g6 3. Bg2 Bg7 4. O-O O-O 5. d4 d6 6. a4 Na6 7. a5 c5 8. Nc3 Bd7
9. dxc5 Nxc5 10. Nd4 Rc8 11. e4 a6 12. Re1 b5 13. Nd5 Na4 14. c3 Nxd5 15. exd5
Qxa5 16. Rxe7 Nxc3 17. Rxa5 Nxd1 18. Nc6 Bf5 19. b4 Bf6 20. Re1 Nc3 21. Bf3 Rfe8
22. Rxe8+ Rxe8 23. Kg2 Be4 24. Bxe4 Rxe4 25. Rxa6 Nxd5 26. Bh6 Re8 27. Ra5 Nc3
28. Bd2 Ne4 29. Be3 Rc8 30. Nd4 Nc3 31. Nxb5 Bd8 32. Nxc3 Bxa5 33. Nd5 Bd8 34.
b5 f5 35. Nb4 Kf7 36. Nc6 Ke8 37. h4 Kd7 38. h5 Bf6 39. Nb4 Rb8 40. b6 Bd8 41.
Nd5 g5 42. Kf3 Rb7 43. Nc3 h6 44. Na4 Kc6 45. g4 Kb5 46. Nc3+ Kc4 47. Ne2 f4 0-1

[Event "32nd ECC Open 2016"]
[Site "Novi Sad SRB"]
[Date "2016.11.06"]
[Round "1.24"]
[Board "2"]
[White "Papadopoulos, Argirios"]
[Black "Roganovic, Milos"]
[Result "1/2-1/2"]
[WhiteTitle "FM"]
[BlackTitle "IM"]
[WhiteElo "2194"]
[BlackElo "2478"]
[WhiteTeam "Chania Chess Academy"]
[BlackTeam "Jelica PEP - Goracici"]
[WhiteFideId "4241509"]
[BlackFideId "937614"]
[EventDate "2016.11.06"]

1. e4 c5 2. Nf3 Nc6 3. d4 cxd4 4. Nxd4 e5 5. Nb5 d6 6. N1c3 a6 7. Na3 b5 8. Nd5
Nf6 9. Bg5 Be7 10. Bxf6 Bxf6 11. c4 b4 12. Nc2 O-O 13. g3 Bg5 14. Bg2 Qa5 15.
O-O Qc5 16. Qd3 a5 17. a3 Ba6 18. b3 bxa3 19. Rxa3 Nb4 20. Ncxb4 axb4 21. Raa1
Bb7 22. h4 Bxd5 23. cxd5 Bh6 24. Ra6 Rxa6 25. Qxa6 Bc1 26. Bh3 Bb2 27. Qc4 Bd4
28. Kg2 g6 29. Rc1 Bc3 30. Rc2 Qd4 31. Re2 Qd1 32. Re3 1/2-1/2

[Event "32nd ECC Open 2016"]
[Site "Novi Sad SRB"]
[Date "2016.11.06"]
[Round "1.24"]
[Board "3"]
[White "Djordjevic, Vuk"]
[Black "Liodakis, Konstantinos-Spyros"]
[Result "1-0"]
[WhiteElo "2432"]
[BlackElo "2175"]
[WhiteTeam "Jelica PEP - Goracici"]
[BlackTeam "Chania Chess Academy"]
[WhiteFideId "902098"]
[BlackFideId "4217136"]
[EventDate "2016.11.06"]

1. d4 e6 2. Nf3 Nf6 3. Bg5 c5 4. e3 Qb6 5. Qc1 Nc6 6. c3 h6 7. Bxf6 gxf6 8. Nbd2
d5 9. g3 e5 10. e4 cxd4 11. exd5 dxc3 12. bxc3 Na5 13. Bd3 Bc5 14. Ne4 Bg4 15.
Rb1 Qd8 16. Nfd2 f5 17. Bb5+ Ke7 18. Nxc5 Qxd5 19. f3 Rhd8 20. Be2 Rac8 21. Nd3
Bh3 22. Nf2 Qxa2 23. Rb2 Qd5 24. Nxh3 e4 25. fxe4 fxe4 26. Nf4 Qc6 27. O-O Qc5+
28. Kh1 Qe3 29. Nxe4 Qxe4+ 30. Bf3 Qc4 31. Re2+ Kf6 32. Nh5+ Kg6 33. Qc2+ f5 34.
g4 Rc5 35. gxf5+ Kf7 36. Qc1 Rd6 37. Qe3 1-0

[Event "32nd ECC Open 2016"]
[Site "Novi Sad SRB"]
[Date "2016.11.06"]
[Round "1.24"]
[Board "4"]
[White "Tsarouhas, Konstantinos"]
[Black "Radovanovic, Mihajlo"]
[Result "0-1"]
[BlackTitle "IM"]
[WhiteElo "2121"]
[BlackElo "2370"]
[WhiteTeam "Chania Chess Academy"]
[BlackTeam "Jelica PEP - Goracici"]
[WhiteFideId "4201094"]
[BlackFideId "940313"]
[EventDate "2016.11.06"]

1. c4 g6 2. Nc3 Bg7 3. Nf3 d6 4. d4 e5 5. dxe5 dxe5 6. Qxd8+ Kxd8 7. g3 f6 8.
Be3 Be6 9. O-O-O+ Nd7 10. Nd2 Kc8 11. Bg2 Ne7 12. Nb3 Nf5 13. Na5 c6 14. Bh3 Kc7
15. Rd2 Rhd8 16. Ne4 b6 17. Nb3 Bxc4 18. Rhd1 Be6 19. Bxf5 Bxf5 20. Nd6 Be6 21.
Rc2 a6 22. Rcd2 Bd5 0-1

[Event "32nd ECC Open 2016"]
[Site "Novi Sad SRB"]
[Date "2016.11.06"]
[Round "1.24"]
[Board "5"]
[White "Radovic, Janko"]
[Black "Georgakopoulos, Nikolaos K."]
[Result "1-0"]
[WhiteElo "2285"]
[BlackElo "2025"]
[WhiteTeam "Jelica PEP - Goracici"]
[BlackTeam "Chania Chess Academy"]
[WhiteFideId "911518"]
[BlackFideId "4283430"]
[EventDate "2016.11.06"]

1. e4 c5 2. d4 cxd4 3. c3 d3 4. Bxd3 Nc6 5. Nf3 g6 6. O-O Bg7 7. Qe2 d6 8. Rd1
Qc7 9. Na3 a6 10. Nc4 Nf6 11. h3 O-O 12. Be3 Nd7 13. a4 b6 14. Ra3 Rb8 15. Bg5
Nc5 16. Ne3 Ne6 17. Bxa6 Bxa6 18. Qxa6 Nxg5 19. Nxg5 Ne5 20. Qe2 Bh6 21. Nf3
Bxe3 22. Qxe3 Nc4 23. Qh6 f6 24. Rb3 Qc6 25. Rb4 e5 26. Nd2 Na5 27. Nf1 Nb7 28.
Ne3 Nc5 29. Nd5 Rf7 30. Rc4 Qa8 31. Rb4 Qc6 32. Qd2 Kg7 33. Ne3 Rd7 34. Qd5 Qc7
35. Nc4 Kf8 36. b3 Ke7 37. Ne3 Ne6 38. Qd2 Kf7 39. Nd5 Qd8 40. Qh6 Nf8 41. Qe3
Rdb7 42. Qd3 Ne6 43. Ne3 Rd7 44. Qd5 Ke7 45. Qc6 Nf4 46. g3 Rc8 47. Qb5 Rc5 48.
Qf1 Ne6 49. Qd3 h5 50. Nc4 Rc6 51. Qe3 Kf7 52. Qh6 Qg8 53. Rd3 Qc8 54. Kg2 Qd8
55. Ne3 Qg8 56. Nd5 Qe8 57. h4 1-0

[Event "32nd ECC Open 2016"]
[Site "Novi Sad SRB"]
[Date "2016.11.06"]
[Round "1.24"]
[Board "6"]
[White "Vozinaki, Anthi - Maria"]
[Black "Radovic, Luka"]
[Result "0-1"]
[WhiteElo "1870"]
[BlackElo "2260"]
[WhiteTeam "Chania Chess Academy"]
[BlackTeam "Jelica PEP - Goracici"]
[WhiteFideId "4263898"]
[BlackFideId "911569"]
[EventDate "2016.11.06"]

1. e4 e6 2. d4 d5 3. Nc3 Nf6 4. e5 Nfd7 5. f4 a6 6. Nf3 c5 7. Ne2 Nc6 8. c3 b5
9. Be3 b4 10. cxb4 cxd4 11. Nexd4 Bxb4+ 12. Bd2 Bxd2+ 13. Qxd2 Bb7 14. Rc1 Qb6
15. Be2 O-O 16. O-O Nc5 17. Kh1 Ne4 18. Qe3 Rfc8 19. Bd3 Nxd4 20. Bxe4 dxe4 21.
Qxd4 Qa5 22. Ng5 Rxc1 23. Rxc1 Rd8 24. Qc4 Qd2 25. Rg1 e3 26. Ne4 Bxe4 27. Qxe4
Qf2 28. h3 e2 29. Kh2 g6 30. Qb1 Qxg1+ 0-1

[Event "32nd ECC Open 2016"]
[Site "Novi Sad SRB"]
[Date "2016.11.06"]
[Round "1.25"]
[Board "1"]
[White "Murray, David"]
[Black "Dambacher, Martijn"]
[Result "0-1"]
[BlackTitle "GM"]
[WhiteElo "2139"]
[BlackElo "2479"]
[WhiteTeam "Gonzaga"]
[BlackTeam "KSK47 Eynatten"]
[WhiteFideId "2501511"]
[BlackFideId "1005030"]
[EventDate "2016.11.06"]

1. e4 c5 2. Nf3 d6 3. d4 cxd4 4. Nxd4 Nf6 5. Nc3 a6 6. Be3 e5 7. Nb3 Be6 8. Qd2
Be7 9. f3 O-O 10. O-O-O a5 11. a4 Nc6 12. g4 Nb4 13. g5 Nh5 14. Nd5 Nxd5 15.
exd5 Bd7 16. Qg2 Bxa4 17. Qg4 Nf4 18. Bxf4 exf4 19. h4 Bxb3 20. cxb3 a4 21. b4
a3 22. bxa3 Rxa3 23. Bd3 Qc7+ 24. Kd2 Qc3+ 25. Ke2 Ra2+ 26. Kf1 Qb2 27. Qg1 Rc8 0-1

[Event "32nd ECC Open 2016"]
[Site "Novi Sad SRB"]
[Date "2016.11.06"]
[Round "1.25"]
[Board "2"]
[White "Swinkels, Robin"]
[Black "Delaney, Killian"]
[Result "1-0"]
[WhiteTitle "GM"]
[WhiteElo "2480"]
[BlackElo "2227"]
[WhiteTeam "KSK47 Eynatten"]
[BlackTeam "Gonzaga"]
[WhiteFideId "1010824"]
[BlackFideId "2501570"]
[EventDate "2016.11.06"]

1. c4 Nf6 2. g3 g6 3. Bg2 Bg7 4. Nc3 O-O 5. e4 e5 6. Nge2 Nc6 7. d3 d6 8. O-O
Nh5 9. Nd5 Ne7 10. d4 c6 11. Ndc3 f5 12. dxe5 dxe5 13. exf5 gxf5 14. Bg5 Nf6 15.
Re1 Qe8 16. Qd6 Qh5 17. Qxe7 Re8 18. Bxf6 Rxe7 19. Bxe7 f4 20. gxf4 exf4 21.
Nxf4 Qf7 22. Bd6 Bf5 23. Ncd5 Kh8 24. Re7 Qf8 25. Nc7 Rc8 26. Nce6 Qf6 27. Re1
Bf8 28. Be5 Bxe7 29. Nh5 Qxe5 30. Rxe5 Bg6 31. Nef4 1-0

[Event "32nd ECC Open 2016"]
[Site "Novi Sad SRB"]
[Date "2016.11.06"]
[Round "1.25"]
[Board "3"]
[White "Li, Henry"]
[Black "Zelbel, Patrick"]
[Result "1-0"]
[BlackTitle "IM"]
[WhiteElo "2113"]
[BlackElo "2457"]
[WhiteTeam "Gonzaga"]
[BlackTeam "KSK47 Eynatten"]
[WhiteFideId "2508524"]
[BlackFideId "24624322"]
[EventDate "2016.11.06"]

1. e4 c5 2. Nc3 Nc6 3. Bb5 Nd4 4. Bc4 a6 5. a4 e6 6. Nge2 Nf6 7. O-O d5 8. exd5
exd5 9. Ba2 Bd6 10. d3 Ne6 11. f4 Nc7 12. f5 b5 13. Nf4 c4 14. Re1+ Kf8 15. Qf3
Bxf5 16. dxc4 bxc4 17. Be3 Bxc2 18. Bb6 Qb8 19. Bxc7 Qxc7 20. Ncxd5 Qc5+ 21. Kh1
Nxd5 22. Ne6+ 1-0

[Event "32nd ECC Open 2016"]
[Site "Novi Sad SRB"]
[Date "2016.11.06"]
[Round "1.25"]
[Board "4"]
[White "Hammes, Michael"]
[Black "Freeman, Gordon"]
[Result "1-0"]
[WhiteTitle "IM"]
[WhiteElo "2332"]
[BlackElo "2119"]
[WhiteTeam "KSK47 Eynatten"]
[BlackTeam "Gonzaga"]
[WhiteFideId "4619358"]
[BlackFideId "2501309"]
[EventDate "2016.11.06"]

1. d4 d6 2. c4 e5 3. Nf3 e4 4. Ng5 f5 5. g3 Be7 6. h4 Nf6 7. Nc3 c6 8. Bg2 Na6
9. a3 Nc7 10. d5 O-O 11. Nh3 b5 12. cxb5 cxd5 13. Nf4 Rb8 14. O-O Nxb5 15. Ncxd5
Nxd5 16. Nxd5 Bf6 17. a4 Nd4 18. Be3 Nc6 19. Rc1 Ne5 20. Bxa7 Rxb2 21. Bd4 Rb8
22. Qd2 Be6 23. Nxf6+ Qxf6 24. a5 Qg6 25. Qg5 Qxg5 26. hxg5 Nc4 27. a6 Ra8 28.
a7 Nd2 29. Rc7 Rf7 30. Rxf7 Kxf7 31. Rc1 Nc4 32. f3 d5 33. Rb1 Bd7 34. g4 Ke6
35. gxf5+ 1-0

[Event "32nd ECC Open 2016"]
[Site "Novi Sad SRB"]
[Date "2016.11.06"]
[Round "1.25"]
[Board "5"]
[White "McMorrow, John"]
[Black "Stillger, Bernhard"]
[Result "0-1"]
[BlackTitle "FM"]
[WhiteElo "1971"]
[BlackElo "2255"]
[WhiteTeam "Gonzaga"]
[BlackTeam "KSK47 Eynatten"]
[WhiteFideId "2501481"]
[BlackFideId "4610768"]
[EventDate "2016.11.06"]

1. e4 c5 2. Nf3 e6 3. d4 cxd4 4. Nxd4 a6 5. g3 Nf6 6. Bg2 Qc7 7. O-O Nc6 8. c3
d6 9. Nd2 Bd7 10. Re1 Be7 11. N2f3 Ne5 12. Nxe5 dxe5 13. Nb3 O-O 14. Be3 a5 15.
Nd2 b5 16. Rc1 Bc6 17. c4 b4 18. Qe2 Qb7 19. f3 Nd7 20. Qf2 f5 21. Bh3 Kh8 22.
exf5 exf5 23. c5 Rf7 24. Bf1 e4 25. f4 Nf6 26. Nc4 Ng4 27. Qe2 Qc7 28. h3 Nxe3
29. Qxe3 g5 30. Ne5 Rg7 31. Bc4 gxf4 32. Qxf4 Bf6 33. Nf7+ Rxf7 34. Bxf7 Bd4+
35. Kh2 Qxf7 36. Red1 Qf6 37. b3 Be5 38. Qd2 Qg7 39. Rg1 f4 40. g4 e3 41. Qd3
f3+ 42. Kh1 f2+ 43. Rg2 Qh6 0-1

[Event "32nd ECC Open 2016"]
[Site "Novi Sad SRB"]
[Date "2016.11.06"]
[Round "1.25"]
[Board "6"]
[White "Vanstreels, Luc"]
[Black "Byrne, Ray"]
[Result "1-0"]
[WhiteElo "2108"]
[BlackElo "1962"]
[WhiteTeam "KSK47 Eynatten"]
[BlackTeam "Gonzaga"]
[WhiteFideId "205737"]
[BlackFideId "2500922"]
[EventDate "2016.11.06"]

1. d4 Nf6 2. Nf3 d5 3. Bf4 Bg4 4. Ne5 Bh5 5. c4 e6 6. Qb3 Qc8 7. Nc3 c6 8. Rc1
Be7 9. e3 O-O 10. Bd3 Nbd7 11. cxd5 Nxd5 12. Nxd5 exd5 13. Bf5 Rd8 14. O-O Bg6
15. Bxd7 Rxd7 16. Nxd7 Qxd7 17. a3 Bf5 18. Rfe1 Re8 19. Qa4 a6 20. b4 g5 21. Be5
f6 22. Bg3 h5 23. f3 Bd6 24. Bxd6 Qxd6 25. Qa5 h4 26. e4 Bd7 27. exd5 Qf4 28.
Qc5 Qd2 29. Rxe8+ Bxe8 30. Qc3 Qxc3 31. Rxc3 Kf7 32. dxc6 Bxc6 33. Kf2 Ke6 34.
Ke3 Kd6 35. g3 hxg3 36. hxg3 Ke6 37. f4 g4 38. Rc5 Kd6 39. f5 b6 40. Rxc6+ Kxc6
41. Ke4 Kd6 42. d5 Kd7 43. Kf4 Kd6 44. Kxg4 1-0

[Event "32nd ECC Open 2016"]
[Site "Novi Sad SRB"]
[Date "2016.11.06"]
[Round "1.26"]
[Board "1"]
[White "Blomqvist, Erik"]
[Black "Noe, Christopher"]
[Result "0-1"]
[WhiteTitle "GM"]
[BlackTitle "IM"]
[WhiteElo "2552"]
[BlackElo "2422"]
[WhiteTeam "SK Rockaden"]
[BlackTeam "De Sprenger Echternach"]
[WhiteFideId "1709437"]
[BlackFideId "24692018"]
[EventDate "2016.11.06"]

1. Nf3 d5 2. d4 c5 3. c4 e6 4. cxd5 exd5 5. g3 Nc6 6. Bg2 Nf6 7. O-O Be7 8. dxc5
Bxc5 9. a3 a6 10. b4 Ba7 11. Bb2 O-O 12. Nc3 Re8 13. Rc1 Bg4 14. h3 Bh5 15. e3
Ne5 16. g4 Nc4 17. Ba1 Nxe3 18. fxe3 Bxe3+ 19. Kh1 Bxc1 20. Qxc1 Bg6 21. Qf4 Rc8
22. Ne5 d4 23. Nd1 Rc2 24. Bf3 d3 25. Nxg6 hxg6 26. g5 Qd7 27. gxf6 Qxh3+ 28.
Kg1 Ree2 29. Nf2 Qxf1+ 30. Kxf1 Rxf2+ 31. Kg1 Rfd2 32. Be2 Rxe2 33. Kf1 Rcd2 0-1

[Event "32nd ECC Open 2016"]
[Site "Novi Sad SRB"]
[Date "2016.11.06"]
[Round "1.26"]
[Board "2"]
[White "Gnichtel, Gerd"]
[Black "Barkhagen, Jonas"]
[Result "0-1"]
[BlackTitle "IM"]
[WhiteElo "2135"]
[BlackElo "2437"]
[WhiteTeam "De Sprenger Echternach"]
[BlackTeam "SK Rockaden"]
[WhiteFideId "4637127"]
[BlackFideId "1700855"]
[EventDate "2016.11.06"]

1. d4 Nf6 2. c4 e6 3. Nf3 b6 4. g3 Ba6 5. b3 Bb4+ 6. Bd2 Be7 7. Bg2 c6 8. O-O d5
9. Ne5 Nfd7 10. Nxd7 Nxd7 11. Bc3 O-O 12. Nd2 b5 13. c5 e5 14. b4 e4 15. e3 f5
16. Re1 g5 17. Bf1 f4 18. a4 f3 19. axb5 Bxb5 20. Bxb5 cxb5 21. Qb3 Nf6 22. Ra6
Qd7 23. Rxf6 Rxf6 24. Kh1 Qh3 25. Qxd5+ Kf8 26. Qxa8+ Kg7 27. Rg1 Qxh2+ 0-1

[Event "32nd ECC Open 2016"]
[Site "Novi Sad SRB"]
[Date "2016.11.06"]
[Round "1.26"]
[Board "3"]
[White "Bator, Robert"]
[Black "Drzasga, Michael"]
[Result "1-0"]
[WhiteTitle "IM"]
[WhiteElo "2428"]
[BlackElo "2058"]
[WhiteTeam "SK Rockaden"]
[BlackTeam "De Sprenger Echternach"]
[WhiteFideId "1700405"]
[BlackFideId "4623568"]
[EventDate "2016.11.06"]

1. d4 d5 2. Nf3 e6 3. g3 c5 4. Bg2 Nc6 5. O-O Nf6 6. c4 Be7 7. cxd5 Nxd5 8. dxc5
Bxc5 9. a3 O-O 10. Qc2 Qb6 11. b4 Be7 12. e4 Nf6 13. Be3 Qb5 14. Nc3 Qh5 15. h3
e5 16. g4 Bxg4 17. hxg4 Nxg4 18. Ne2 Bh4 19. Qb3 Kh8 20. Bc5 f5 21. Nxh4 Qxh4
22. Qg3 Qh6 23. exf5 1-0

[Event "32nd ECC Open 2016"]
[Site "Novi Sad SRB"]
[Date "2016.11.06"]
[Round "1.26"]
[Board "4"]
[White "Sparwel, Oliver"]
[Black "Hedman, Erik"]
[Result "0-1"]
[BlackTitle "FM"]
[WhiteElo "2026"]
[BlackElo "2354"]
[WhiteTeam "De Sprenger Echternach"]
[BlackTeam "SK Rockaden"]
[WhiteFideId "4002660"]
[BlackFideId "1702351"]
[EventDate "2016.11.06"]

1. d4 c5 2. d5 d6 3. c4 Nf6 4. Nc3 g6 5. e4 Bg7 6. Be2 O-O 7. g4 e6 8. h4 exd5
9. cxd5 Re8 10. f3 h5 11. Bg5 hxg4 12. h5 Nbd7 13. hxg6 fxg6 14. Qc2 a6 15.
O-O-O Ne5 16. f4 Nf7 17. e5 Bf5 18. Bd3 Bxd3 19. Qxd3 dxe5 20. Qxg6 exf4 21.
Bxf4 b5 22. Nce2 Ne4 23. Ng3 Nxg3 24. Bxg3 Qf6 25. Qh7+ Kf8 26. Qc2 Re4 27. Kb1
Rc4 28. Qg2 Qg6+ 29. Ka1 Rc2 0-1

[Event "32nd ECC Open 2016"]
[Site "Novi Sad SRB"]
[Date "2016.11.06"]
[Round "1.26"]
[Board "5"]
[White "Engqvist, Thomas"]
[Black "Wambach, Patrick"]
[Result "1-0"]
[WhiteTitle "IM"]
[WhiteElo "2350"]
[BlackElo "1952"]
[WhiteTeam "SK Rockaden"]
[BlackTeam "De Sprenger Echternach"]
[WhiteFideId "1700332"]
[BlackFideId "4002059"]
[EventDate "2016.11.06"]

1. e4 d6 2. d4 Nf6 3. Nd2 g6 4. Ngf3 Bg7 5. c3 O-O 6. Bd3 c5 7. dxc5 dxc5 8. Bc4
Nc6 9. Qc2 Qc7 10. O-O Bg4 11. h3 Bxf3 12. Nxf3 Rad8 13. Re1 Nd7 14. Bf1 Nce5
15. Nh2 c4 16. f4 Nd3 17. Bxd3 cxd3 18. Qxd3 Ne5 19. Qe2 Nd3 20. Rf1 Qb6+ 21.
Kh1 e5 22. f5 Nxc1 23. Raxc1 Bh6 24. Rcd1 Bf4 25. Ng4 Rxd1 26. Rxd1 Rd8 27.
Rxd8+ Qxd8 28. Ne3 Qa5 29. a3 h5 30. Nd5 Bg3 31. Qf3 h4 32. fxg6 fxg6 33. Qf6
Qa6 34. Qxa6 bxa6 35. Kg1 Kf7 36. Kf1 g5 37. Ke2 a5 38. a4 Ke6 39. Ne3 Kf6 40.
Kf3 Be1 41. Nf1 Ke6 42. Ke2 Bg3 43. Nxg3 hxg3 44. Kf3 1-0

[Event "32nd ECC Open 2016"]
[Site "Novi Sad SRB"]
[Date "2016.11.06"]
[Round "1.26"]
[Board "6"]
[White "Densing, Gerd"]
[Black "Kenneskog, Theodor"]
[Result "0-1"]
[BlackTitle "FM"]
[WhiteElo "1806"]
[BlackElo "2332"]
[WhiteTeam "De Sprenger Echternach"]
[BlackTeam "SK Rockaden"]
[WhiteFideId "24621013"]
[BlackFideId "1715011"]
[EventDate "2016.11.06"]

1. d4 Nf6 2. Nf3 g6 3. Nc3 d5 4. Bf4 Bg7 5. e3 O-O 6. Be2 c5 7. O-O b6 8. Ne5
Bb7 9. a4 Nc6 10. Bf3 e6 11. Ne2 Rc8 12. c3 Ne7 13. Qb3 Ne8 14. h3 f6 15. Ng4 c4
16. Qc2 g5 17. Bg3 h5 18. Nxf6+ Nxf6 19. Be5 g4 20. Bxf6 gxf3 21. Nf4 Rxf6 22.
Nxh5 Rh6 23. g4 Ng6 24. Kh2 Qg5 25. Rg1 Bf8 26. Qd1 Bd6+ 27. Kh1 Rf8 0-1

[Event "32nd ECC Open 2016"]
[Site "Novi Sad SRB"]
[Date "2016.11.06"]
[Round "1.27"]
[Board "1"]
[White "Zeidler, Sven P."]
[Black "Antic, Dejan"]
[Result "0-1"]
[WhiteTitle "FM"]
[BlackTitle "GM"]
[WhiteElo "2185"]
[BlackElo "2455"]
[WhiteTeam "Abergavenny"]
[BlackTeam "Crvena Zvezda"]
[WhiteFideId "1800604"]
[BlackFideId "901008"]
[EventDate "2016.11.06"]

1. e4 e5 2. Nf3 Nc6 3. c3 Nf6 4. d4 exd4 5. e5 Nd5 6. Qb3 Nb6 7. cxd4 d5 8. a4
Be7 9. Nc3 Bf5 10. Bb5 O-O 11. Bxc6 bxc6 12. a5 Nc4 13. Qa4 c5 14. b3 cxd4 15.
Nb5 a6 16. bxc4 axb5 17. cxb5 Bd3 18. Nxd4 Re8 19. f4 Bc5 20. Be3 Qd7 21. Kf2
Bc4 22. b6 Qg4 23. b7 Rad8 24. g3 Bxd4 25. Bxd4 Qe2+ 26. Kg1 c5 27. Bxc5 d4 28.
Qd1 Qe4 29. Rb1 Qc6 30. b8=Q Rxb8 31. Rxb8 0-1

[Event "32nd ECC Open 2016"]
[Site "Novi Sad SRB"]
[Date "2016.11.06"]
[Round "1.27"]
[Board "2"]
[White "Abramovic, Bosko"]
[Black "Powell, Lloyd"]
[Result "1-0"]
[WhiteTitle "GM"]
[WhiteElo "2420"]
[BlackElo "2072"]
[WhiteTeam "Crvena Zvezda"]
[BlackTeam "Abergavenny"]
[WhiteFideId "900206"]
[BlackFideId "1801406"]
[EventDate "2016.11.06"]

1. Nf3 Nf6 2. g3 d5 3. Bg2 e6 4. O-O Be7 5. d3 c5 6. Nbd2 Nc6 7. e4 Qc7 8. Re1
O-O 9. c3 Rb8 10. Qe2 Re8 11. Nf1 c4 12. exd5 cxd3 13. Qxd3 Rd8 14. Bf4 Bd6 15.
dxc6 Bxf4 16. Qe2 Bd6 17. Nd4 a6 18. cxb7 Bxb7 19. Bxb7 Qxb7 20. Rad1 Bc5 21.
Nb3 Ba7 22. Rxd8+ Rxd8 23. Rd1 Rxd1 24. Qxd1 h6 25. Nfd2 Qd5 26. Qf3 Qxf3 27.
Nxf3 Ng4 28. Nbd4 e5 29. h3 exd4 30. hxg4 dxc3 31. bxc3 Kf8 32. Nd4 Ke8 33. Kf1
Kd7 34. Ke2 g6 35. Kd3 Kd6 36. f4 Bb6 37. Ke4 Bd8 38. Nf3 Bf6 39. Ne5 Bxe5 40.
fxe5+ Kc5 41. e6 fxe6 42. Ke5 Kc4 43. Kxe6 Kxc3 44. Kf6 g5 45. Kg6 a5 46. Kxh6
a4 47. Kxg5 a3 48. Kf5 Kb2 49. g5 Kxa2 50. g6 Kb1 51. g7 a2 52. g8=Q a1=Q 53.
Qb3+ Kc1 54. Qc4+ Kd2 55. Qf4+ Kc2 56. g4 Qg7 57. Qe4+ Kb3 58. g5 Qf7+ 59. Kg4
Qd7+ 60. Kh5 Qf7+ 61. g6 Qf6 62. Qd5+ Ka3 63. Kh6 Qh8+ 64. Kg5 Qg7 65. Qf7 Qe5+
66. Qf5 Qg3+ 67. Kh6 Qh4+ 68. Kg7 Ka4 69. Qd7+ Ka3 70. Kg8 Qc4+ 71. Qf7 Qd4 72.
g7 Kb2 73. Qe6 Qf4 74. Kh7 Qh4+ 75. Kg6 Qg3+ 76. Kf7 Qc7+ 77. Kf6 Qf4+ 78. Qf5
Qd6+ 79. Kg5 Qg3+ 80. Qg4 Qe5+ 81. Kg6 Qd6+ 82. Kf5 Qd7+ 83. Kf4 Qd6+ 84. Ke3
Qe5+ 85. Kf2 Qc5+ 86. Kg2 Qd5+ 87. Kg1 Qc5+ 88. Kh1 Qc1+ 89. Qg1 Qh6+ 90. Qh2+ 1-0

[Event "32nd ECC Open 2016"]
[Site "Novi Sad SRB"]
[Date "2016.11.06"]
[Round "1.27"]
[Board "3"]
[White "Spencer, Douglas"]
[Black "Djuric, Stefan"]
[Result "0-1"]
[BlackTitle "GM"]
[WhiteElo "1961"]
[BlackElo "2418"]
[WhiteTeam "Abergavenny"]
[BlackTeam "Crvena Zvezda"]
[WhiteFideId "1801082"]
[BlackFideId "900133"]
[EventDate "2016.11.06"]

1. d4 Nf6 2. Nf3 g6 3. Bf4 Bg7 4. e3 O-O 5. h3 d6 6. Be2 Nc6 7. O-O Qe8 8. c4
Ne4 9. Bh2 f5 10. Nbd2 e5 11. dxe5 Nxd2 12. Qxd2 dxe5 13. Rfd1 Qe7 14. Rab1 a5
15. Bf1 a4 16. Ne1 Be6 17. f3 e4 18. f4 0-1

[Event "32nd ECC Open 2016"]
[Site "Novi Sad SRB"]
[Date "2016.11.06"]
[Round "1.27"]
[Board "4"]
[White "Govedarica, Radovan"]
[Black "Waterfield, John W"]
[Result "1-0"]
[WhiteTitle "IM"]
[WhiteElo "2374"]
[BlackElo "1986"]
[WhiteTeam "Crvena Zvezda"]
[BlackTeam "Abergavenny"]
[WhiteFideId "900630"]
[BlackFideId "407143"]
[EventDate "2016.11.06"]

1. d4 Nf6 2. Nc3 d5 3. Bg5 Nbd7 4. Qd3 g6 5. Nf3 Bg7 6. e4 dxe4 7. Nxe4 O-O 8.
O-O-O c6 9. Kb1 h6 10. Bc1 Nxe4 11. Qxe4 Nb6 12. Bd3 Bf5 13. Qh4 e6 14. Qxd8
Raxd8 15. Bxf5 gxf5 16. h3 Rd7 17. g4 Rfd8 18. gxf5 Bxd4 19. Rdg1+ Kh7 20. Nxd4
Rxd4 21. f6 Rg8 22. Rxg8 Kxg8 23. Rg1+ Kf8 24. Bxh6+ Ke8 25. Rg8+ Kd7 26. Rf8
Rd1+ 27. Bc1 Nc4 28. Rxf7+ Kd6 29. b3 Nd2+ 30. Kb2 Ne4 31. Rf8 Rf1 32. f4 e5 33.
fxe5+ Kxe5 34. f7 Nd6 35. Re8+ 1-0